Cassell's concise French-English, English-French dictionary /

Bibliographic Details
Other Authors: Douglas, J. H. (John Henry), Girard, Denis, Thompson, W., M.A
Format: Book
Language:English
French
Published: London : New York : Cassell ; Macmillan, 1977
Edition:1st Macmillan ed.
Subjects:

MARC

Tag First Indicator Second Indicator Subfields
LEADER 00000pam a2200000 a 4500
001 in00000085903
005 20151008064339.0
008 770422r19771968enk d 00000 engm
010 |a  77007667  
020 |a 0025226703 (Macmillan) :  |c $6.95 
035 |a (OCoLC)02963666 
035 |9 AAK4011AM 
040 |a DLC  |c DLC  |d m.c.  |d TXA  |d UtOrBLW 
041 0 |a eng  |a fre 
049 |a TXAM  |c 1 [1387536], 2 [A11185292] 
050 0 0 |a PC2640  |b .C28 1977 
082 0 |a 443/.21 
090 |a PC2640  |b .C28 1979 
240 1 0 |a Cassell's new compact French-English, English-French dictionary 
245 0 0 |a Cassell's concise French-English, English-French dictionary /  |c compiled by J.H. Douglas, Denis Girard, W. Thompson. 
250 |a 1st Macmillan ed. 
264 1 |a London :  |b Cassell ;  |a New York :  |b Macmillan,  |c 1977 
264 3 |c 1979 printing 
264 4 |c ©1968 
300 |a xiv, 658 pages ;  |c 20 cm. 
336 |a text  |b txt  |2 rdacontent 
337 |a unmediated  |b n  |2 rdamedia 
338 |a volume  |b nc  |2 rdacarrier 
500 |a Reprint of the edition published by Funk & Wagnalls, New York under title: Cassell's new compact French-English, English-French dictionary. 
500 |a Spine title: Cassell's French dictionary. 
650 0 |a French language  |v Dictionaries  |x English. 
650 0 |a English language  |v Dictionaries  |x French. 
700 1 |a Douglas, J. H.  |q (John Henry) 
700 1 |a Girard, Denis. 
700 1 |a Thompson, W.,  |c M.A. 
999 |a MARS 
999 f f |s adee12e5-82a7-3381-a30a-11f0e380f9de  |i 6bb7fd54-4676-30b5-a5da-676a136afeb2  |t 0 
952 f f |p normal  |a Texas A&M University  |b College Station  |c Sterling C. Evans Library  |d Evans: Library Stacks  |t 0  |e PC2640 .C28 1979  |h Library of Congress classification  |i unmediated -- volume  |m A14806174189 
952 f f |p normal  |a Texas A&M University  |b College Station  |c Sterling C. Evans Library  |d Evans: Library Stacks  |t 0  |e PC2640 .C28 1979  |h Library of Congress classification  |i unmediated -- volume  |m A14811185292 
998 f f |a PC2640 .C28 1979  |t 0  |l Evans: Library Stacks 
998 f f |a PC2640 .C28 1979  |t 0  |l Evans: Library Stacks